Представление документа в формате RUSMARC

ПолеНазваниеЗначение
  Тип записи a
  Библиографический уровень c
001 Контрольный номер RU/SLIB/B/208786100
005 Дата корректировки 20201206204401.9
010 Индекс ISBN __
d Цена 3-10
101 Язык документа __
a Язык текста rus
200 Заглавие и сведения об ответственности 0_
a Заглавие Сочинения
f Первые сведения об ответственности Н. Г. Помяловский ; вступ. ст. и примеч. И. Г. Ямпольского
b Общее обозначение материала Текст
210 Выходные данные __
a Место издания Л.
c Издательство Худож. лит., Ленингр. отд-ние
d Дата издания 1980
215 Физическое описание __
a Объем 632 с., 1 л. портр.
327 Примечание о содержании __
a Примечание о содержании Мещанское счастье
606 Тематические рубрики __
a Основная рубрика Художественная литература
z Хронологическая подрубрика 19 в.
y Географическая подрубрика Россия
606 Тематические рубрики __
a Основная рубрика Русская литература XIX в. (произведения)
610 Ключевые слова __
a Ключевые слова повести; рассказы; романы; психологические очерки
686 Индексы других классификаций __
a Классификационный индекс 84(2=411.2)52-4
700 Автор _1
a Фамилия Помяловский
b Имя Н. Г.
g Полное личное имя Николай Герасимович
4 Код отношения 070
702 Вторичная интеллектуальная ответственность _1
a Фамилия Ямпольский
b Имя И. Г.
4 Код отношения Составитель
4 Код отношения 220
4 Код отношения 080
801 Источник записи _0
a Страна RU
b Организация Муниципальное бюджетное учреждение культуры "Централизованная библиотечная система" г. Сургут (Центральная городская библиотека им. А. С. Пушкина)
g Правила каталогизации КиК/Лебедева
801 Источник записи _1
a Страна RU
b Организация Муниципальное бюджетное учреждение культуры "Централизованная библиотечная система" г. Сургут (Центральная городская библиотека им. А. С. Пушкина)
g Правила каталогизации КиК/Лебедева
852 Данные о местонахождении __
j Шифр хранения 84(2=411.2)52-4
c Каталожный индекс 84(2Рос=Рус)1-4
i Авторский знак П 55
p Инвентарный номер 5201
901 Тип документа __
t Тип документа x
903 Характеристики (МАРС) __
a Дата передачи 20060327
969 Тип издания __
a Тип издания сборник
990 Данные о заказе (DOS) 00
j Количество экземпляров (DOS) 3
t N записи в КСУ для И/У (DOS) ретро